Современный обычай и древний закон. Обычное право осетин в историко-сравнительном освещении

Библиографические подробности
Главный автор: Ковалевский М. М. Максим Максимович
Примечания:Заглавие с титульного экрана
Электронная версия печатной публикации
Язык:русский
Опубликовано: Москва, Типография В. Гатцук, 1886
Предметы:
Online-ссылка:http://www.lib.tpu.ru/fulltext/m/2009/consultant/kovalevsky.pdf
Формат: Электронный ресурс Книга
Запись в KOHA:https://koha.lib.tpu.ru/cgi-bin/koha/opac-detail.pl?biblionumber=157958

MARC

LEADER 00000nlm0a2200000 4500
001 157958
005 20231101222013.0
035 |a (RuTPU)RU\TPU\book\171337 
090 |a 157958 
100 |a 20090416d1886 km y0rusy50 ca 
101 0 |a rus 
102 |a RU 
105 |a y z 001zy 
135 |a vrcn ---uucaa 
181 0 |a i  
182 0 |a b 
200 1 |a Современный обычай и древний закон. Обычное право осетин в историко-сравнительном освещении  |b Электронный ресурс  |f М. М. Ковалевский 
203 |a Текст  |c электронный 
210 |a Москва  |c Типография В. Гатцук  |d 1886 
230 |a 1 компьютерный файл (pdf; 180873 KB) 
300 |a Заглавие с титульного экрана 
300 |a Электронная версия печатной публикации 
337 |a Adobe Reader 
606 1 |a Государство и право   |x История  |2 stltpush  |3 (RuTPU)RU\TPU\subj\8397  |9 83645 
610 1 |a осетины 
610 1 |a религиозные верования 
610 1 |a имущественные отношения 
610 1 |a договорное право 
610 1 |a семейное право 
610 1 |a наследственное право 
610 1 |a уголовное право 
610 1 |a судоустройство 
610 1 |a судебные разбирательства 
610 1 |a процессуальные теории 
610 1 |a электронный ресурс 
686 |a Х2(2)  |v LBC/SL-A  |2 rubbk 
700 1 |a Ковалевский  |b М. М.  |c российский историк  |c юрист  |c социолог эволюционистского направления  |c академик Петербургской АН  |f 1851-1916  |g Максим Максимович  |2 stltpush  |3 (RuTPU)RU\TPU\pers\1152  |9 522 
801 1 |a RU  |b 63413507  |c 20090416  |g PSBO 
801 2 |a RU  |b 63413507  |c 20090521  |g PSBO 
856 4 |u http://www.lib.tpu.ru/fulltext/m/2009/consultant/kovalevsky.pdf 
942 |c CF